00683nam a2200169Ia 4500003000900000008004100009020002200050040001600072080002200088110003400110245013000144260005000274300001000324490004700334650006700381650006500448IN-BaIIA211028s9999 xx 000 0 eng d a978-0-7354-0450-2 cIIA Library a(058)378(73)bGRA aAmerican Institute of Physics 0a2008 graduate programs inphysics, astronomy, and related fieldscAmerican Institute of Physics  aNew YorkbAmerican Institute of Physicsc2008 a838p. aAmerican Institute of physics publications aAstronomy-Study and teaching(Higher)-United States-Directories aPhysics-Study and teaching(Higher)-United States-Directories